| 000 -LEADER |
| fixed length control field |
00483cam a22001337a 4500 |
| 008 - FIXED-LENGTH DATA ELEMENTS--GENERAL INFORMATION |
| fixed length control field |
180718b1995 xxu||||| |||| 00| 0 eng d |
| 082 ## - DEWEY DECIMAL CLASSIFICATION NUMBER |
| Classification number |
PROJ.REP. 1995/MIS |
| 100 ## - MAIN ENTRY--PERSONAL NAME |
| Personal name |
Misra, Girish K. |
| 245 ## - TITLE STATEMENT |
| Title |
Public-private sector interface and harmonization for urban development in the national context |
| Statement of responsibility, etc. |
by Girish K. Misra |
| 260 ## - PUBLICATION, DISTRIBUTION, ETC. |
| Place of publication, distribution, etc. |
New Delhi |
| Name of publisher, distributor, etc. |
Indian Institute of Public Administration |
| Date of publication, distribution, etc. |
1995 |
| 300 ## - PHYSICAL DESCRIPTION |
| Extent |
15p. |
| 440 ## - SERIES STATEMENT/ADDED ENTRY--TITLE |
| Title |
IIPA Working Paper, 1995: 3 |
| 650 ## - SUBJECT ADDED ENTRY--TOPICAL TERM |
| Topical term or geographic name entry element |
Urban development |